000 00863nam a2200289Ia 4500
005 20260324125834.0
008 008 260324s9999 xx 000 0 eng d
020 _a9780429207136
037 _aEBOOK
040 _aCRL
040 _beng
040 _cCRL
041 _2eng
041 _aeng
084 _qCRL
100 _aPaul W. Mayne; An-Bin Huang
_91179527
245 0 _aGeotechnical and Geophysical Site Characterization
245 0 _bProceedings of the 3rd International Conference on Site Characterization (ISC'3, Taipei, Taiwan, 1-4 April 2008). BOOK Keynote papers (258 pages) + CD-ROM full papers (1508 pages)
260 _bTaylor and Francis
260 _c2008
365 _a
365 _b210
856 _uhttp://www.taylorfrancis.com/books/9780429207136
942 _cEBOOK
999 _c1775125
_d1775125